| 000 | 00875nam0a2200277 4500 | ||
|---|---|---|---|
| 001 | RU\NLR\ONL2\6032 | ||
| 005 | 20250613125848.0 | ||
| 035 | _a(NLR Aleph) 009653629 | ||
| 090 |
_a9580789 _c9580789 |
||
| 100 | _a20061017d2002 |||y0rusy50 ca | ||
| 101 | 0 | _alau | |
| 102 | _aRU | ||
| 105 | _aa ||||||||| | ||
| 200 | 1 |
_aБукварь _eучеб. для 1 кл. эвенс. шк. _fА. А. Бурыкин |
|
| 210 |
_aСПб. _cДрофа _d2002 |
||
| 215 |
_a79 с. _cил. _d22 |
||
| 606 | 1 |
_aЭвенский язык _jБуквари _92115956 _3RU\NLR\AUTH\661278298 |
|
| 686 | 1 | _aШ165.12-920 | |
| 700 | 1 |
_aБурыкин _bА. А. _gАлексей Алексеевич _4070 |
|
| 801 | 0 |
_aRU _bNLR _c20061017 _gPSBO |
|
| 852 |
_aNLR _bОНЛ _jЭвенск./3-138 |
||
| 852 |
_aNLR _bОНЛ _jЭвенск./3-138 |
||
| 942 | _cBOOK | ||
| 980 | _aNB | ||
| 980 | _aONL_RF | ||